Die Gemeindebetriebe In Österreich : Gemeindebetriebe - Neuere Versuche und Erfahrungen über Die Ausdehnung der Kommunalen Tätigkeit in Deutschland und Im Ausland. III. Band, 1. Teil. (Schriften des Vereins Für Socialpolitik 130-I).

Bibliographic Details
Main Author: Fuchs, Carl Johannes.
Format: eBook
Language:German
Published: Berlin : Duncker & Humblot, 2014.
Edition:1st ed.
Series:Duncker and Humblot Reprints Series
Subjects:
Online Access:Click to View
LEADER 04937nam a22003973i 4500
001 EBC7101330
003 MiAaPQ
005 20240729202204.0
006 m o d |
007 cr cnu||||||||
008 240729s2014 xx o ||||0 ger d
020 |a 9783428573950  |q (electronic bk.) 
020 |z 9783428173952 
035 |a (MiAaPQ)EBC7101330 
035 |a (Au-PeEL)EBL7101330 
035 |a (OCoLC)1347029048 
040 |a MiAaPQ  |b eng  |e rda  |e pn  |c MiAaPQ  |d MiAaPQ 
100 1 |a Fuchs, Carl Johannes. 
245 1 4 |a Die Gemeindebetriebe In Österreich :  |b Gemeindebetriebe - Neuere Versuche und Erfahrungen über Die Ausdehnung der Kommunalen Tätigkeit in Deutschland und Im Ausland. III. Band, 1. Teil. (Schriften des Vereins Für Socialpolitik 130-I). 
250 |a 1st ed. 
264 1 |a Berlin :  |b Duncker & Humblot,  |c 2014. 
264 4 |c {copy}1909. 
300 |a 1 online resource (248 pages) 
336 |a text  |b txt  |2 rdacontent 
337 |a computer  |b c  |2 rdamedia 
338 |a online resource  |b cr  |2 rdacarrier 
490 1 |a Duncker and Humblot Reprints Series 
505 0 |a Intro -- Vorwort zum dritten Band -- Inhaltsverzeichnis -- Die Gemeindebetriebe der Stadtgemeinde Prag. Von Prof. Dr. C. Horacek -- I. Allgemeines -- II. Unbeweglicher Besitz -- III. Städtische Gasanstalten, Elektrizitäts- und Wasserwerke -- IV. Städtische Kommunikationsmittel -- V. Städtische Kredit- und Versicherungsanstalten -- VI. Städtische hygienische und Sanitätsanstalten -- VII. Sozialpolitische Anstalten -- VIII. Linienverzehrungssteuerpachtung -- IX. Schlußwort -- Der Wiener Zentralviehmarkt St. Marx, seine Bedeutung für den Viehhandel und seine volkswirtschaftliche Funktion. Von Karl Schwarz, Magistratsoberkommissär und Vorstand der städtischen Übernahmsstelle für Vieh und Fleisch in Wien -- Einleitung -- I. Die Organisation des Marktes -- 1. Der Viehmarkt und seine Anstalten -- 2. Die Marktordnung -- 3. Die Veterinärmaßregeln -- II. Die Versorgung des Marktes -- 1. Die Größe des Auftriebes und seine Herkunft im allgemeinen -- 2. Der Rinderauftrieb und die Bedeutung Ungarns dafür -- 3. Die Viehproduktion der Alpen- und Sudetenländer -- 4. Die Stellung Galiziens und anderer Länder -- 5. Der Schweineauftrieb und seine Herkunft -- 6. Die Versorgung mit Schafen, Lämmern und Kälbern -- 7. Die Bedeutung der einzelnen Kronländer für die Versorgung des Wiener Marktes -- III. Der Viehhandel -- 1. Seine Organisation -- 2. Die einzelnen Geschäftsformen -- IV. Die Preisbildung -- V. Reformbestrebungen -- Die Gemeindebetriebe der Stadt Wien. Von Dr. K. T. Wächter -- Einleitung -- Erster Teil. Die Betriebe -- I. Selbständige Betriebe -- A. Gaswerk -- B. Elektrizitätswerk -- C. Straßenbahnen -- D. Lagerhaus -- E. Leichenbestattung -- F. Brauhaus -- G. Sparkassen und Versicherungsanstalten -- II. Kleine Verwaltungsbetriebe -- A. Rathauskeller -- B. Fouragelieferung -- C. Übernahmsstelle -- D. Bestattung und Gräberausschmückung -- E. Städtische Bäder. 
505 8 |a F. Öffentliche Beleuchtung -- G. Herausgabe des Amtsblattes -- III. Wirtschaftliche Verwaltungszweige -- A. Wasserversorgung -- B. Entwässerung -- C. Straßenwesen -- D. Approvisionierung -- E. Grundeigentum -- Zweiter Teil. Wirtschaftspolitik -- I. Die Erwerbung der Betriebe -- A. Geschichte des Gaswerks -- B. Geschichte des Elektrizitätswerkes -- C. Geschichte der Straßenbahnen -- D. Die Finanzierung der Wiener Betriebe -- II. Die Betriebe im Rahmen der Gemeinde -- A. Rolle im Gemeindehaushalt -- B. Der technische Fortschritt in den Betrieben -- C. Tarifpolitik -- D. Submissionswesen -- E. Eigenregie der Gemeinde -- Die Gemeindebetriebe der Stadt Brixen. Von Dr. L. Bernard. Stadtbaurat in Villach -- Einleitung -- I. Das Elektrizitätswerk -- II. Die Kühlanlage (Schlachthaus und Viehmarktplatz) -- III. Die Schottererzeugungsanlage -- IV. Das Wasserwerk -- V. Sonstige Betriebe -- Die Gemeindebetriebe der Stadt Salzburg. Voll Dr. Julius Sylvester, Hofund Gerichtsadvokat in Salzburg -- I. Aufführung der einzelnen Betriebe -- II. Unterschied dieser Betriebe -- III. Bedeutung dieser Betriebe für den Gemeindehaushalt -- IV. Preispolitik -- V. Eigenregie -- VI. Gemeinde- und Privatbetrieb -- VII. Konzessionierte Privatbetriebe. 
588 |a Description based on publisher supplied metadata and other sources. 
590 |a Electronic reproduction. Ann Arbor, Michigan : ProQuest Ebook Central, 2024. Available via World Wide Web. Access may be limited to ProQuest Ebook Central affiliated libraries.  
655 4 |a Electronic books. 
776 0 8 |i Print version:  |a Fuchs, Carl Johannes  |t Die Gemeindebetriebe In Österreich  |d Berlin : Duncker & Humblot,c2014  |z 9783428173952 
797 2 |a ProQuest (Firm) 
830 0 |a Duncker and Humblot Reprints Series 
856 4 0 |u https://ebookcentral.proquest.com/lib/matrademy/detail.action?docID=7101330  |z Click to View